000 00270nam a22001217a 4500
082 _a894.812
_bTHO/V
100 _aTHOMAS, SALJAN
245 _aVIJAYA PUSTHAKAM
260 _aKOTTAYAM
_bS.T.PUBLICATION
300 _a96
650 _aGENERAL KNOWLEDGE
_zKERALA
942 _cBK
999 _c1200
_d1200